|
|
|
|
| LEADER |
00000cam a2200000 a 4500 |
| 001 |
1/108458 |
| 008 |
150908s2012####gr | ||| |||| ||gre|| |
| 020 |
|
|
|a 9789609541824
|
| 040 |
|
|
|a GR-MyUa
|b gre
|c GR-MyUa
|e AACR2
|
| 041 |
0 |
|
|a gre
|
| 082 |
7 |
|
|a 303.375
|2 (23)
|
| 100 |
1 |
|
|a Κωνσταντάρος, Κωνσταντίνος Ι.
|
| 245 |
1 |
0 |
|a Προπαγάνδα :
|b το μεγάλο όπλο των Συνταγματαρχών 1967-1974 /
|c Κωνσταντίνος Ι. Κωνσταντάρος.
|
| 260 |
|
|
|a Ζεφύρι Αττικής :
|b Διάδραση,
|c 2012.
|
| 300 |
|
|
|a 329 σ. ;
|c 21 εκ.
|
| 504 |
|
|
|a Περιλαμβάνει βιβλιογραφικές παραπομπές.
|
| 650 |
|
0 |
|a Fascist propaganda
|z Greece
|x History.
|
| 650 |
|
0 |
|a Dictatorship
|x History.
|
| 650 |
|
0 |
|a Mass media and public opinion
|z Greece.
|
| 650 |
|
0 |
|a Communication
|x Psychological aspects.
|
| 852 |
|
|
|a INST
|b RHODES
|e 20150908
|h 303.375 ΚΩΝ
|p 005400038008
|q 005400038008
|t BK
|y 0
|
| 970 |
|
|
|z 08-09-2015
|